000 00625nam a2200157 a 4500
008 101102s2000 ||||||||||||||||| || |
050 _aCBU-SB(05)JB
100 _aZimba, Samson C
245 1 0 _aSocio-economic role of non-wood forest products: a case of Zambia
260 _aKitwe
_bCopperbelt University School of Business
_c2000
300 _a87-114pp.
350 _a0.00
650 _aFORESTRY
650 0 _aFORESTS AND FORESTRY--ECONOMIC ASPECTS--ZAMBIA
995 _D0.00
_FCBU-MAIN LIBRARY (Kitwe)
_H1
_I0.00
_M1
_UAVAILABLE
_WNov 2, 2010
_ZZambiana Collection
999 _c57793
_d57793